LEADER 03575nam 22008055 450 001 9910743350503321 005 20251113202406.0 010 $a9789811689222 010 $a9811689229 010 $a9789811689215 010 $a9811689210 024 7 $a10.1007/978-981-16-8922-2 035 $a(MiAaPQ)EBC6897993 035 $a(Au-PeEL)EBL6897993 035 $a(CKB)21343249800041 035 $a(OCoLC) 1302008032 035 $a(PPN)260826782 035 $a(DE-He213)978-981-16-8922-2 035 $a(iGPub)SPNA0086775 035 $a(EXLCZ)9921343249800041 100 $a20220227d2022 u| 0 101 0 $aeng 135 $aurcnu|||||||| 181 $ctxt$2rdacontent 182 $cc$2rdamedia 183 $acr$2rdacarrier 200 10$aLaser Applications in Surface Modification /$fby Jianhua Yao, Qunli Zhang, Rong Liu, Guolong Wu 205 $a1st ed. 2022. 210 1$aSingapore :$cSpringer Nature Singapore :$cImprint: Springer,$d2022. 215 $a1 online resource (150 pages) 225 1 $aAdvanced Topics in Science and Technology in China,$x1995-6827 ;$v65 311 08$aPrint version: Yao, Jianhua Laser Applications in Surface Modification Singapore : Springer Singapore Pte. Limited,c2022 9789811689215 311 08$a9811689210 320 $aIncludes bibliographical references and index. 327 $aChapter 1 Introduction -- Chapter 2 Laser Cladding of Stellite Alloys -- Chapter 3 Laser Cladding of Metal-Ceramic Composites -- Chapter 4 Laser Surface Hardening -- Chapter 5 Laser Processed Coatings Involving Nanoparticles. 330 $aThis book introduces the applications of laser in surface modification, such as laser cladding of Stellite alloys and metal-ceramic composites. Besides, nanomaterials including carbon nanotubes and Al2O3 nanoparticles are brought into the laser processing, to form high-temperature resistance, chemical stability, and wear- and oxidation-resistant composite coatings. The readers will get more knowledge about the basic principle and application of laser cladding and laser surface hardening technologies, and gain a deep insight into the process and characteristics of the nanomaterial-assisted laser surface enhancement. It provides references for the researchers, engineers, and students in the fields of mechanical engineering, laser processing, and material engineering. 410 0$aAdvanced Topics in Science and Technology in China,$x1995-6827 ;$v65 606 $aSurfaces (Technology) 606 $aThin films 606 $aLasers 606 $aCoatings 606 $aManufactures 606 $aIndustrial engineering 606 $aProduction engineering 606 $aSurfaces, Interfaces and Thin Film 606 $aLaser Technology 606 $aCoatings 606 $aMachines, Tools, Processes 606 $aIndustrial and Production Engineering 615 0$aSurfaces (Technology) 615 0$aThin films. 615 0$aLasers. 615 0$aCoatings. 615 0$aManufactures. 615 0$aIndustrial engineering. 615 0$aProduction engineering. 615 14$aSurfaces, Interfaces and Thin Film. 615 24$aLaser Technology. 615 24$aCoatings. 615 24$aMachines, Tools, Processes. 615 24$aIndustrial and Production Engineering. 676 $a669 700 $aYao$b Jianhua$01208301 801 0$bMiAaPQ 801 1$bMiAaPQ 801 2$bMiAaPQ 906 $aBOOK 912 $a9910743350503321 996 $aLaser applications in surface modification$93559271 997 $aUNINA